000 00388nam a2200169Ia 4500
100 _aMc Carthy/Michael etc
650 _aCommunication skills
942 _cBK
366 _f25
654 _avocabulary
245 _aEnglish Vocabulary in use
260 _bCambridge University Press
_c2001
082 _a371.2
_bMCC
300 _a296
546 _aENGLISH
_cproduction
999 _c20784
_d20784